书目信息 |
| 题名: |
两宋史纲
|
|
| 作者: | 张荫麟 著 | |
| 分册: | ||
| 出版信息: | 北京 北京出版社 2016 |
|
| 页数: | 11,321页 | |
| 开本: | 18cm | |
| 丛书名: | 大家小书 | |
| 单 册: | ||
| 中图分类: | K244.07 | |
| 科图分类: | ||
| 主题词: | 中国历史--zhong guo li shi--研究--宋代 | |
| 电子资源: | ||
| ISBN: | 978-7-200-12078-3 | |
| 000 | 00846nam0 22002531 450 | |
| 001 | 0115101239 | |
| 005 | 20170415101239.0 | |
| 010 | @a978-7-200-12078-3@b精装@dCNY39.00 | |
| 100 | @a20161009d2016 em y0chiy50 ea | |
| 101 | 0 | @achi |
| 102 | @aCN@b110000 | |
| 105 | @ay z 000yy | |
| 106 | @ar | |
| 200 | 1 | @a两宋史纲@Aliang song shi gang@f张荫麟著 |
| 210 | @a北京@c北京出版社@d2016 | |
| 215 | @a11,321页@d18cm | |
| 225 | 2 | @a大家小书@Ada jia xiao shu |
| 330 | @a本书共分为五章,主要内容包括:宋朝的开国和开国规模、北宋的外患与变法、宋代的文学与思想、女真的兴起与宋金的和战、蒙古的兴起与金宋的覆灭。 | |
| 461 | 0 | @12001 @a大家小书 |
| 606 | 0 | @a中国历史@Azhong guo li shi@x研究@z宋代 |
| 690 | @aK244.07@v5 | |
| 701 | 0 | @a张荫麟@Azhang yin lin@f(1905~1942)@4著 |
| 801 | 0 | @aCN@bTANGWEI@c20170308 |
| 905 | @b0965841-3@dK244.07@e51@f3 | |
| 两宋史纲/张荫麟著.-北京:北京出版社,2016 |
| 11,321页;18cm.-(大家小书) |
| ISBN 978-7-200-12078-3(精装):CNY39.00 |
| 本书共分为五章,主要内容包括:宋朝的开国和开国规模、北宋的外患与变法、宋代的文学与思想、女真的兴起与宋金的和战、蒙古的兴起与金宋的覆灭。 |
| ● |
| 相关链接 |
|
|
|
|
正题名:两宋史纲
索取号:K244.07/51
 
预约/预借
| 序号 | 登录号 | 条形码 | 馆藏地/架位号 | 状态 | 备注 |
| 1 | 0965841 | 209658413 | 第二样本阅览室/ [索取号:K244.07/51] | 在馆 | |
| 2 | 0965842 | 209658422 | 第二借阅区/ [索取号:K244.07/51] | 在馆 | |
| 3 | 0965843 | 209658431 | 密集书库-史法系/ [索取号:K244.07/51] | 在馆 |